000 00501cam a2200181ua 4500
020 _c175.00
041 _aeng
_h
082 _a630.2
_bSRI/IN
100 _aSrivastava, A K .
245 _aIntegrated rural development programme in India: policy and administration /
_cA K Srivastava.
_hTextual Documents
250 _a1 /
_b.
260 _aNewdelhi :
_bDeep and deep publications ,
_c1986.
300 _a272 ; .
365 _a175.00
504 _a
942 _cBK
999 _c7347
_d7347